Les nommés au Ballon d'Or depuis 2010 - Statistiques

Statistiques générales
  • Ce quiz a été pris 434 fois
  • Le résultat moyen est 45 sur 72
Statistiques - réponses
Joueur 2010 2011 2012 2013 2014 2015 2016 % Correct
Lionel Messi 1 1 1 2 2 1 2
96%
Cristiano Ronaldo 6 2 2 1 1 2 1
93%
Antoine Griezmann - - - - - - 3
90%
Neymar - 10 13 5 7 3 5
90%
Luis Suarez - 6 - 18 - 5 4
88%
Manuel Neuer - - 19 23 3 7 20
88%
Andres Iniesta 2 4 3 6 17 9 20
86%
Luka Modric - - - - - - 17
86%
Karim Benzema - 11 22 - 16 20 -
85%
Thomas Müller 15 11 - 19 5 6 20
85%
Xavi 3 3 4 14 - - -
85%
Eden Hazard - - - 22 21 8 -
84%
Franck Ribéry - - - 3 - - -
84%
Gareth Bale - - - 10 12 16 6
84%
Zlatan Ibrahimovic - - 10 4 13 11 13
84%
Didier Drogba 9 - 8 - - - -
82%
Ryiad Mahrez - - - - - - 7
82%
Edinson Cavani - - - 20 - - -
80%
James Rodriguez - - - - 8 19 -
80%
Robert Lewandowski - - - 13 - 4 16
80%
Samuel Eto'o 12 8 - - - - -
78%
Arjen Robben 14 - - 8 4 21 -
77%
Paul Pogba - - - - 22 15 14
76%
Gérard Piqué - 11 21 - - - -
75%
Gianluigi Buffon - - 16 - - - 9
75%
Kevin De Bruyne - - - - - 18 20
75%
Sergio Ramos - - 18 - 23 - 20
75%
Thiago Silva - - - 20 - - -
74%
Iker Casillas 7 9 6 - - - -
72%
Pierre Emerick Aubameyang - - - - - - 11
72%
Alexis Sanchez - - - - - 10 -
71%
Radamel Falcao - - 5 11 - - -
71%
Sergio Agüero - 11 17 - - 13 20
71%
Hugo Lloris - - - - - - 20
70%
Angel Di Maria - - - - 10 - -
69%
Arturo Vidal - - - - - 17 14
69%
David Villa 8 11 - - - - -
68%
Philip Lahm 22 - - 14 6 - -
68%
Diego Forlan 5 7 - - - - -
67%
Wayne Rooney - 5 15 - - - -
67%
Ivan Rakitic - - - - - 23 -
65%
Pepe - - - - - - 9
62%
Robin Van Persie - - 9 7 - - -
62%
Yaya Touré - - 12 12 14 12 -
62%
Thibaut Courtois - - - - 20 - -
61%
Toni Kroos - - - - 9 21 17
60%
Wesley Sneijder 4 11 - - - - -
58%
Sergio Busquets - - 20 - - - -
56%
Carles Puyol 11 - - - - - -
55%
Gonzalo Higuain - - - - - - 20
53%
Miroslav Klose 21 - - - - - -
51%
Andrea Pirlo - - 7 9 - - -
50%
Diego Godin - - - - - - 20
49%
Mario Götze - - - - 15 - -
49%
Paulo Dybala - - - - - - 20
49%
Javier Mascherano - - - - 19 14 -
45%
Mesut Özil 13 11 14 16 - - -
45%
Nani - 11 - - - - -
45%
Daniel Alves 22 11 - - - - -
43%
Xabi Alonso 10 11 11 - - - -
41%
Bastian Schweinsteiger 16 11 - 17 18 - -
40%
Dimitri Payet - - - - - - 17
39%
Rui Patricio - - - - - - 12
34%
Mario Balotelli - - 23 - - - -
32%
Cesc Fabregas 19 11 - - - - -
30%
Asamoah Gyan 18 - - - - - -
29%
Jamie Vardy - - - - - - 8
28%
Diego Costa - - - - 11 - -
26%
Eric Abidal - 11 - - - - -
23%
Julio César 19 - - - - - -
18%
Maicon 17 - - - - - -
18%
Koke - - - - - - 20
12%
Aucun quiz correspondant
Distribution des résultats
% des personnes avec chaque résultat
Percentile par nombre de réponses
Votre historique - résultats
Vous n’avez pas pris ce quiz